[Event "Izmir op 10th"]
[Site "Izmir"]
[Date "2011.09.02"]
[Round "2"]
[White "Akdas, Tutku Doruk"]
[Black "Azaladze, Shota"]
[Result "0-1"]
[WhiteElo "1780"]
[BlackElo "2414"]
[PlyCount "90"]
[EventDate "2011.09.01"]
[EventType "swiss"]
[EventRounds "9"]
[EventCountry "TUR"]
[SourceTitle "CBM 144 Extra"]
[Source "ChessBase"]
[SourceDate "2011.10.28"]
[SourceVersion "1"]
[SourceVersionDate "2011.10.28"]
[SourceQuality "1"]

1. e4 g6 2. Nc3 Bg7 3. g3 c5 4. Bg2 Nc6 5. d3 Rb8 6. f4 b5 7. Nf3 d6 8. 0-0 Bg4 9. h3 Bxf3 10. Bxf3 e6 11. Rb1 Nge7 12. Be3 Nd4 13. Bg2 b4 14. Ne2 Qa5 15. g4 f5 16. exf5 exf5 17. Bxd4 cxd4 18. gxf5 Nxf5 19. Bc6+ Kd8 20. Rf3 Rb6 21. Be4 Ne3 22. Qe1 d5 23. Rxe3 dxe3 24. Bf3 d4 25. a3 Qf5 26. Kg2 bxa3 27. bxa3 Qc5 28. Rxb6 axb6 29. Qb4 Qxb4 30. axb4 Kd7 31. b5 Kd6 32. Bc6 Rf8 33. Kg3 Rf5 34. Kf3 Rc5 35. c4 dxc3 36. Kxe3 c2 37. Kd2 Bb2 38. Nc1 Bxc1+ 39. Kxc1 Rc3 40. Be4 Kc5 41. f5 gxf5 42. Bxf5 h6 43. h4 Kd4 44. h5 Rc5 45. Bg6 Kc3 0-1

[Event "World School-ch U15 6th"]
[Site "Kayseri"]
[Date "2010.07.28"]
[Round "7"]
[White "Emiroglu, Cankut"]
[Black "Akdas, Tutku Doruk"]
[Result "1/2-1/2"]
[WhiteElo "2113"]
[BlackElo "1781"]
[PlyCount "82"]
[EventDate "2010.07.21"]
[EventType "swiss"]
[EventRounds "9"]
[EventCountry "TUR"]
[SourceTitle "CBM 137 Extra"]
[Source "ChessBase"]
[SourceDate "2010.09.01"]
[SourceVersion "1"]
[SourceVersionDate "2010.09.01"]
[SourceQuality "1"]

1. e4 e5 2. Nf3 Nc6 3. Bb5 a6 4. Ba4 Nf6 5. 0-0 Be7 6. Re1 b5 7. Bb3 0-0 8. h3 d6 9. c3 Na5 10. Bc2 c5 11. d4 Qc7 12. Nbd2 cxd4 13. cxd4 Nc6 14. Nb3 Re8 15. Bd2 a5 16. d5 Nb8 17. Bd3 Bd7 18. Rc1 Qb6 19. Be3 Qb7 20. Qe2 a4 21. Nbd2 Na6 22. Rc3 Bd8 23. a3 Nh5 24. b3 Nf4 25. Bxf4 exf4 26. bxa4 Nc5 27. Bxb5 Nxa4 28. Bxa4 Rxa4 29. Qd3 Bf6 30. Rb1 Qa8 31. Rcb3 Rc8 32. Re1 g6 33. e5 dxe5 34. Ne4 Bg7 35. Nd6 Rc5 36. Nxe5 Rxd5 37. Rb8+ Qxb8 38. Qxd5 Be6 39. Qc6 Bxe5 40. Rxe5 Rxa3 41. Rb5 Qd8 1/2-1/2

[Event "World School-ch U15 6th"]
[Site "Kayseri"]
[Date "2010.07.22"]
[Round "2"]
[White "Tahan, Umut Utku"]
[Black "Akdas, Tutku Doruk"]
[Result "1/2-1/2"]
[WhiteElo "1755"]
[BlackElo "1781"]
[PlyCount "134"]
[EventDate "2010.07.21"]
[EventType "swiss"]
[EventRounds "9"]
[EventCountry "TUR"]
[SourceTitle "CBM 137 Extra"]
[Source "ChessBase"]
[SourceDate "2010.09.01"]
[SourceVersion "1"]
[SourceVersionDate "2010.09.01"]
[SourceQuality "1"]

1. e4 e5 2. Nf3 Nc6 3. Bb5 a6 4. Ba4 Nf6 5. 0-0 Be7 6. Re1 b5 7. Bb3 0-0 8. h3 d6 9. c3 Na5 10. Bc2 c5 11. d4 Qc7 12. Nbd2 cxd4 13. cxd4 Bb7 14. Nf1 Rac8 15. Re2 Nc6 16. Ng3 Rfe8 17. d5 Nb4 18. Bb3 a5 19. a3 Na6 20. Nf5 Bf8 21. Bg5 Nd7 22. Nh2 h6 23. Bd2 Nac5 24. Bc2 Nf6 25. Rc1 Qd7 26. Re1 Ncxe4 27. Nxh6+ gxh6 28. Bxe4 Nxe4 29. Rxe4 f5 30. Rh4 Bxd5 31. Bxh6 Qf7 32. Bxf8 Rxc1 33. Qxc1 Kxf8 34. Qg5 Qg7 35. Qxf5+ Bf7 36. Rh7 Qg6 37. Rh8+ Ke7 38. Rxe8+ Bxe8 39. Qxg6 Bxg6 40. Kf1 Ke6 41. Ke2 Kd5 42. Nf1 Kd4 43. Nd2 a4 44. g4 d5 45. Nf3+ Ke4 46. Ng5+ Kf4 47. Ne6+ Ke4 48. Nc7 d4 49. Nxb5 d3+ 50. Ke1 Kf3 51. Nc3 Be8 52. Nd5 Bf7 53. Ne3 e4 54. Nf5 Be8 55. Nd6 Bg6 56. Nc4 Kf4 57. Ne3 Bf7 58. Nd1 Be8 59. Ne3 Bf7 60. Nd1 Be8 61. Kf1 Kf3 62. Ke1 Kf4 63. Kd2 Kf3 64. g5 Kf4 65. Nc3 Kf3 66. h4 Bg6 67. Nd1 Bf7 1/2-1/2

[Event "World School-ch U15 6th"]
[Site "Kayseri"]
[Date "2010.07.21"]
[Round "1"]
[White "Akdas, Tutku Doruk"]
[Black "Makhmutov, Rail"]
[Result "0-1"]
[WhiteElo "1781"]
[BlackElo "2152"]
[PlyCount "60"]
[EventDate "2010.07.21"]
[EventType "swiss"]
[EventRounds "9"]
[EventCountry "TUR"]
[SourceTitle "CBM 137 Extra"]
[Source "ChessBase"]
[SourceDate "2010.09.01"]
[SourceVersion "1"]
[SourceVersionDate "2010.09.01"]
[SourceQuality "1"]

1. e4 c5 2. Nc3 e6 3. g3 d5 4. exd5 exd5 5. Bg2 Nf6 6. d3 Be7 7. Nge2 d4 8. Ne4 Nxe4 9. Bxe4 Nc6 10. 0-0 Bg4 11. f3 Bd7 12. Nf4 Bd6 13. Re1 0-0 14. Bd2 Rb8 15. Re2 b5 16. Qf1 c4 17. a3 Kh8 18. g4 Qh4 19. Be1 Qh6 20. Nh3 f5 21. g5 Qg6 22. Bd5 f4 23. dxc4 bxc4 24. Bxc4 Ne5 25. b3 Qh5 26. Rxe5 Bxh3 27. Qe2 Bxe5 28. Qxe5 Rbe8 29. Qd5 Rf5 30. Qc6 Rxe1+ 0-1